000 00444nam a2200157 i 4500
001 67976
003 ES-MaACL
005 20230906170200.0
007 t|
008 040217s1963 sp ||||1| spa d
100 1 _aGallego Recio, J.
_953585
245 1 0 _aRégimen del trabajo y seguridad social agrícola /
_cJ. Gallego Recio.
260 _aSalamanca :
_bAnaya,
_c[1963]
300 _a239 p. ;
_c21 cm.
852 _aES-MaACL
_jC-26301
_bR.55000
999 _c67976
_d67976